| 000 | 00507 a2200169 4500 | ||
|---|---|---|---|
| 003 | OSt | ||
| 005 | 20231006112914.0 | ||
| 008 | 230918b |||||||| |||| 00| 0 eng d | ||
| 020 | _a9780670098088 | ||
| 040 | _coclc | ||
| 082 |
_a891.433 _bSHR/R |
||
| 100 | 0 |
_aGītāñjali Śrī, _d1957- _99511 |
|
| 245 |
_aThe roof beneath their feet / _cGeetanjali Shree |
||
| 260 |
_aIndia: _bPenguin random house, _c2023. |
||
| 300 | _a177 p | ||
| 942 |
_2ddc _cBK _h891.433 _iSHR/R _k891.433 _mSHR/R |
||
| 999 |
_c42185 _d42185 |
||